[Event "UKR-chT 12th"]
[Site "Alushta"]
[Date "2005.04.14"]
[Round "9.3"]
[White "Kovchan, Alexander"]
[Black "Askarian, Karen"]
[Result "1-0"]
[WhiteElo "2488"]
[BlackElo "2261"]
[PlyCount "30"]
[EventDate "2005.04.07"]
[EventType "team-tourn"]
[EventRounds "9"]
[EventCountry "UKR"]
[SourceTitle "EXT 2019"]
[Source "ChessBase"]
[SourceDate "2018.10.10"]
[SourceVersion "1"]
[SourceVersionDate "2018.10.10"]
[SourceQuality "1"]
[WhiteTeam "Kharkov Law Academy"]
[BlackTeam "Lozova Chess Club"]
[WhiteTeamCountry "UKR"]
[BlackTeamCountry "UKR"]

1. e4 c6 2. d4 d5 3. e5 Bf5 4. Be3 e6 5. Nd2 h6 6. f4 h5 7. Ngf3 Be7 8. Be2 Bg4 9. 0-0 Nh6 10. h3 Bxf3 11. Nxf3 Nf5 12. Bf2 h4 13. b3 Kf8 14. c4 g6 15. Qd2 Kg7 1-0

[Event "UKR-chT 12th"]
[Site "Alushta"]
[Date "2005.04.11"]
[Round "6.3"]
[White "Askarian, Karen"]
[Black "Tisevich, Roman"]
[Result "1-0"]
[WhiteElo "2261"]
[BlackElo "2377"]
[PlyCount "65"]
[EventDate "2005.04.07"]
[EventType "team-tourn"]
[EventRounds "9"]
[EventCountry "UKR"]
[SourceTitle "EXT 2019"]
[Source "ChessBase"]
[SourceDate "2018.10.10"]
[SourceVersion "1"]
[SourceVersionDate "2018.10.10"]
[SourceQuality "1"]
[WhiteTeam "Lozova Chess Club"]
[BlackTeam "Illichivsk Chess Academy"]
[WhiteTeamCountry "UKR"]
[BlackTeamCountry "UKR"]

1. d4 Nf6 2. Nf3 c5 3. c3 e6 4. Bg5 h6 5. Bxf6 Qxf6 6. Nbd2 d5 7. e3 Nc6 8. Bb5 Bd6 9. 0-0 0-0 10. dxc5 Bxc5 11. e4 a6 12. Bd3 Ba7 13. Qe2 g5 14. h3 Bd7 15. Kh1 Rae8 16. Rae1 Bb8 17. Nb3 Ne7 18. Nc5 Bc8 19. e5 Qg7 20. Nd4 Ng6 21. Bxg6 Qxg6 22. f4 f5 23. g4 fxg4 24. hxg4 b6 25. Ncxe6 Rxf4 26. Nxf4 gxf4 27. e6 Qg5 28. Qh2 Kg7 29. Qh5 Re7 30. Nf5+ Kf6 31. Nxe7 Kxe7 32. Qf7+ Kd6 33. Qxf4+ 1-0

[Event "UKR-chT 12th"]
[Site "Alushta"]
[Date "2005.04.09"]
[Round "3.1"]
[White "Askarian, Karen"]
[Black "Pavlov, Maxim"]
[Result "1/2-1/2"]
[WhiteElo "2261"]
[BlackElo "2319"]
[PlyCount "54"]
[EventDate "2005.04.07"]
[EventType "team-tourn"]
[EventRounds "9"]
[EventCountry "UKR"]
[SourceTitle "EXT 2019"]
[Source "ChessBase"]
[SourceDate "2018.10.10"]
[SourceVersion "1"]
[SourceVersionDate "2018.10.10"]
[SourceQuality "1"]
[WhiteTeam "Lozova Chess Club"]
[BlackTeam "Krim Rodovid"]
[WhiteTeamCountry "UKR"]
[BlackTeamCountry "UKR"]

1. c4 e5 2. Nc3 Nc6 3. g3 g6 4. Bg2 Bg7 5. e3 d6 6. Nge2 Nge7 7. 0-0 0-0 8. d3 Be6 9. Nd5 Qd7 10. Nec3 Nd8 11. Rb1 c6 12. Nxe7+ Qxe7 13. Bd2 Qd7 14. Re1 f5 15. f4 Nf7 16. b4 d5 17. cxd5 cxd5 18. Qa4 Qxa4 19. Nxa4 b6 20. Nc3 e4 21. d4 Nd6 22. Bf1 Rfc8 23. Ba6 Rc7 24. Rec1 Nc4 25. Bxc4 dxc4 26. b5 Bf8 27. a4 Bf7 1/2-1/2

[Event "UKR-chT 10th"]
[Site "Alushta"]
[Date "2002.04.16"]
[Round "7"]
[White "Gasanov, Eldar"]
[Black "Askarian, Karen"]
[Result "1-0"]
[WhiteElo "2454"]
[BlackElo "2253"]
[PlyCount "21"]
[EventDate "2002.04.09"]
[EventType "team-swiss"]
[EventRounds "9"]
[EventCountry "UKR"]
[SourceTitle "EXT 2019"]
[Source "ChessBase"]
[SourceDate "2018.10.10"]
[SourceVersion "1"]
[SourceVersionDate "2018.10.10"]
[SourceQuality "1"]
[WhiteTeam "Kramatorsk Grandmaster II"]
[BlackTeam "Lozova Chess Club"]
[WhiteTeamCountry "UKR"]
[BlackTeamCountry "UKR"]

1. e4 c5 2. Nc3 Nc6 3. Nf3 g6 4. Bb5 Bg7 5. 0-0 Nh6 6. h3 0-0 7. d3 d6 8. Bxc6 bxc6 9. Be3 e5 10. Qd2 Qh4 11. Nxh4 1-0

[Event "UKR-chT 9th"]
[Site "Alushta"]
[Date "2001.04.??"]
[Round "1"]
[White "Askarian, Karen"]
[Black "Maximov, Dmitry"]
[Result "0-1"]
[WhiteElo "2264"]
[BlackElo "2344"]
[PlyCount "138"]
[EventDate "2001.04.06"]
[EventType "team-tourn"]
[EventRounds "9"]
[EventCountry "UKR"]
[SourceTitle "EXT 2019"]
[Source "ChessBase"]
[SourceDate "2018.10.10"]
[SourceVersion "1"]
[SourceVersionDate "2018.10.10"]
[SourceQuality "1"]
[WhiteTeam "Lozova The Pawn"]
[BlackTeam "Chaika Grandmasters' School"]
[WhiteTeamCountry "UKR"]
[BlackTeamCountry "UKR"]

1. d4 Nf6 2. Nf3 g6 3. Bf4 Bg7 4. e3 0-0 5. h3 d6 6. Be2 Nbd7 7. 0-0 Qe8 8. Bh2 e5 9. c4 Qe7 10. Nc3 Rd8 11. Qc2 b6 12. Nb5 Ne8 13. Qe4 Ba6 14. Rac1 Rdb8 15. Qc2 c6 16. Nc3 Bb7 17. Rfe1 Nc7 18. Red1 Rd8 19. b4 Rac8 20. dxe5 Nxe5 21. a3 Ne6 22. Nxe5 dxe5 23. Rxd8+ Rxd8 24. Rd1 f5 25. Qb3 Kf8 26. Rxd8+ Qxd8 27. c5 Ke7 28. cxb6 axb6 29. Bc4 Bc8 30. Bg3 g5 31. f3 b5 32. Bf1 Qd2 33. Nb1 Qc1 34. Qd3 Nc7 35. h4 Be6 36. Nd2 h6 37. Kh2 Bf6 38. hxg5 hxg5 39. e4 f4 40. Bf2 Kf7 41. Bc5 Ne8 42. a4 bxa4 43. Nc4 Ng7 44. b5 cxb5 45. Nd6+ Kg6 46. Ba3 Qa1 47. Nxb5 Nh5 48. Be2 Bb3 49. Qc3 Qb1 50. Bc1 Qc2 51. Qxc2 Bxc2 52. Ba3 Bd8 53. Nc3 Ba5 54. Nd5 Nf6 55. Ne7+ Kh7 56. Bb5 Bb3 57. Nf5 g4 58. Nd6 Bd1 59. Nc4 Be1 60. Be7 Kg6 61. Bd6 Bc3 62. Na3 gxf3 63. gxf3 Bxf3 64. Bxa4 Nxe4 65. Bb8 Kf6 66. Nc4 Be2 67. Nb6 Bd4 68. Nd5+ Kf5 69. Bc2 Bf3 0-1

[Event "UKR-chT 9th"]
[Site "Alushta"]
[Date "2001.04.??"]
[Round "2"]
[White "Baklan, Vladimir"]
[Black "Askarian, Karen"]
[Result "1-0"]
[WhiteElo "2613"]
[BlackElo "2264"]
[PlyCount "71"]
[EventDate "2001.04.06"]
[EventType "team-tourn"]
[EventRounds "9"]
[EventCountry "UKR"]
[SourceTitle "EXT 2019"]
[Source "ChessBase"]
[SourceDate "2018.10.10"]
[SourceVersion "1"]
[SourceVersionDate "2018.10.10"]
[SourceQuality "1"]
[WhiteTeam "Danko-Donbass Donetsk"]
[BlackTeam "Lozova The Pawn"]
[WhiteTeamCountry "UKR"]
[BlackTeamCountry "UKR"]

1. e4 e5 2. Nf3 Nc6 3. d4 exd4 4. Nxd4 Bc5 5. Be3 Bxd4 6. Bxd4 Nxd4 7. Qxd4 Qf6 8. Qc3 d6 9. Bb5+ Kd8 10. Qa3 c6 11. Nc3 Kc7 12. 0-0-0 Ne7 13. Kb1 Ng6 14. f4 Bg4 15. Rdf1 Bd7 16. Bc4 Rhf8 17. g3 Qd4 18. Rd1 Qc5 19. Qxc5 dxc5 20. e5 Bf5 21. Rhe1 f6 22. exf6 Rxf6 23. Ne4 Bxe4 24. Rxe4 Rd6 25. Kc1 Rxd1+ 26. Kxd1 Kd6 27. Bf1 Rc8 28. Bh3 Rc7 29. Re6+ Kd5 30. Re8 Ne7 31. Rd8+ Ke4 32. Ke2 c4 33. c3 c5 34. Rd6 g6 35. Bg2+ Kf5 36. Kf3 1-0

[Event "UKR-chT 9th"]
[Site "Alushta"]
[Date "2001.04.??"]
[Round "7"]
[White "Drozdovskij, Yuri"]
[Black "Askarian, Karen"]
[Result "1-0"]
[WhiteElo "2462"]
[BlackElo "2264"]
[PlyCount "62"]
[EventDate "2001.04.06"]
[EventType "team-tourn"]
[EventRounds "9"]
[EventCountry "UKR"]
[SourceTitle "EXT 2019"]
[Source "ChessBase"]
[SourceDate "2018.10.10"]
[SourceVersion "1"]
[SourceVersionDate "2018.10.10"]
[SourceQuality "1"]
[WhiteTeam "Luhansk Chess Club"]
[BlackTeam "Lozova The Pawn"]
[WhiteTeamCountry "UKR"]
[BlackTeamCountry "UKR"]

1. d4 Nf6 2. c4 e6 3. Nc3 d5 4. cxd5 exd5 5. Bg5 Be7 6. e3 0-0 7. Bd3 Re8 8. Qc2 Nbd7 9. h3 Nf8 10. Bf4 c6 11. Nf3 Bd6 12. Bxd6 Qxd6 13. 0-0-0 Qe7 14. g4 Rd8 15. Rdg1 Ne8 16. g5 Nd6 17. h4 g6 18. h5 Bf5 19. Ne5 Rac8 20. Ng4 Bxg4 21. Rxg4 Ne8 22. Kb1 Ng7 23. a3 Rc7 24. Qe2 Qe8 25. Rgh4 Re7 26. Qf3 Nxh5 27. Qg2 Qd7 28. Ka2 Qc7 29. R4h3 Rdd7 30. Qh2 Re6 31. Rxh5 gxh5 1-0

[Event "UKR-chT 9th"]
[Site "Alushta"]
[Date "2001.04.??"]
[Round "4"]
[White "Moskovets, Konstantin"]
[Black "Askarian, Karen"]
[Result "1/2-1/2"]
[WhiteElo "2319"]
[BlackElo "2264"]
[PlyCount "119"]
[EventDate "2001.04.06"]
[EventType "team-tourn"]
[EventRounds "9"]
[EventCountry "UKR"]
[SourceTitle "EXT 2019"]
[Source "ChessBase"]
[SourceDate "2018.10.10"]
[SourceVersion "1"]
[SourceVersionDate "2018.10.10"]
[SourceQuality "1"]
[WhiteTeam "Kharkov Geleon"]
[BlackTeam "Lozova The Pawn"]
[WhiteTeamCountry "UKR"]
[BlackTeamCountry "UKR"]

1. e4 c6 2. d4 d5 3. exd5 cxd5 4. c4 Nf6 5. Nc3 g6 6. Bg5 Ne4 7. Be3 Nxc3 8. bxc3 Bg7 9. Nf3 0-0 10. cxd5 Qxd5 11. Be2 Nc6 12. 0-0 Na5 13. Nd2 Bf5 14. c4 Qd8 15. Nf3 Qc7 16. Rc1 Rfd8 17. Qa4 Nc6 18. Rfd1 Bg4 19. d5 Ne5 20. c5 Nxf3+ 21. gxf3 Bd7 22. c6 Be8 23. Qe4 bxc6 24. Bf4 Qb6 25. dxc6 Rxd1+ 26. Bxd1 Rc8 27. c7 Bf6 28. Be2 Bd7 29. Rb1 Qa5 30. Qd3 Bh3 31. Qa6 Qf5 32. Qxc8+ Qxc8 33. Rb8 Kg7 34. Rxc8 Bxc8 35. Bc4 Bd4 36. Be3 Bxe3 37. fxe3 Kf6 38. Kf2 e6 39. Bb5 Ke7 40. Kg3 Kd6 41. Be8 f6 42. h4 Kxc7 43. Bf7 Kd6 44. Bg8 h6 45. Bh7 g5 46. hxg5 hxg5 47. f4 gxf4+ 48. Kxf4 Kd5 49. Bd3 Bd7 50. a3 Ba4 51. Kf3 Bb3 52. Kf2 Kc5 53. Ke1 Bc4 54. Bc2 e5 55. Kd2 Be6 56. Kc3 f5 57. Bd3 Bd7 58. Bc2 f4 59. exf4 exf4 60. Bd1 1/2-1/2

[Event "Kharkov Caissa op"]
[Site "Kharkov"]
[Date "2000.01.28"]
[Round "2"]
[White "Poluektov, Yury1111"]
[Black "Askarian, Karen"]
[Result "0-1"]
[WhiteElo "2257"]
[BlackElo "2274"]
[PlyCount "74"]
[EventDate "2000.01.27"]
[EventType "swiss"]
[EventRounds "9"]
[EventCountry "UKR"]
[SourceTitle "EXT 2001"]
[Source "ChessBase"]
[SourceDate "2000.11.22"]
[SourceVersion "1"]
[SourceVersionDate "2000.11.22"]
[SourceQuality "1"]

1. d4 Nf6 2. c4 g6 3. Nc3 Bg7 4. e4 d6 5. f3 b6 6. Bd3 a6 7. Be3 0-0 8. Nge2 c5 9. Qd2 Nc6 10. d5 Ne5 11. 0-0 Rb8 12. a4 Nfd7 13. Ng3 Nxd3 14. Qxd3 Ne5 15. Qe2 Bd7 16. h3 f6 17. f4 Nf7 18. f5 Bh6 19. Bxh6 Nxh6 20. Qd2 Kg7 21. Nce2 Nf7 22. Nf4 Rh8 23. Ra3 Ne5 24. Qc1 Qe8 25. Ne6+ Bxe6 26. fxe6 Rg8 27. h4 b5 28. axb5 axb5 29. cxb5 Qxb5 30. Ra7 Rb7 31. Rxb7 Qxb7 32. h5 Rb8 33. h6+ Kg8 34. Qf4 Qxb2 35. Kh2 Kh8 36. Rf2 Qxf2 37. Qxf2 Ng4+ 0-1

[Event "UKR-chT 7th"]
[Site "Alushta"]
[Date "1999.04.??"]
[Round "3"]
[White "Alekseev, Andrey"]
[Black "Askarian, Karen"]
[Result "1-0"]
[WhiteElo "2340"]
[BlackElo "2295"]
[PlyCount "117"]
[EventDate "1999.04.03"]
[EventType "team-swiss"]
[EventRounds "10"]
[EventCountry "UKR"]
[SourceTitle "EXT 2019"]
[Source "ChessBase"]
[SourceDate "2018.10.10"]
[SourceVersion "1"]
[SourceVersionDate "2018.10.10"]
[SourceQuality "1"]
[WhiteTeam "Simferopol Blik"]
[BlackTeam "Lozova The Pawn"]
[WhiteTeamCountry "UKR"]
[BlackTeamCountry "UKR"]

1. e4 g6 2. d4 Bg7 3. Nf3 c6 4. Nc3 d5 5. h3 Nh6 6. Be2 0-0 7. 0-0 f6 8. Re1 Nf7 9. Bf1 e6 10. a4 a5 11. exd5 exd5 12. Bf4 Re8 13. Rxe8+ Qxe8 14. Qd2 Nd7 15. Re1 Qd8 16. b3 Nf8 17. Bd3 Ne6 18. Be3 f5 19. Ne2 Nd6 20. Nf4 Ne4 21. Qc1 Nxf4 22. Bxf4 Be6 23. Be5 Bf8 24. c3 Bf7 25. h4 Qe7 26. Ng5 Nxg5 27. hxg5 Re8 28. Qf4 Qd7 29. Re3 Be6 30. Bc7 Rc8 31. Bb8 Bf7 32. Be5 Be6 33. g4 Be7 34. gxf5 Bxf5 35. Bxf5 Qxf5 36. Qxf5 gxf5 37. Bf4 Ba3 38. Re6 Rf8 39. Kg2 Bb2 40. Bd2 Kf7 41. Rh6 Kg7 42. Kf3 Rf7 43. Kf4 Ba3 44. Re6 Be7 45. Ke5 Bd8 46. Rh6 f4 47. Ke6 Rf8 48. c4 Bxg5 49. Rh3 Re8+ 50. Kf5 h6 51. cxd5 cxd5 52. Bxa5 Re2 53. Rf3 Re4 54. Bc7 Bf6 55. Be5 Bxe5 56. dxe5 Kf7 57. a5 Rb4 58. Rh3 Kg7 59. Rc3 1-0

[Event "UKR-chT 7th"]
[Site "Alushta"]
[Date "1999.04.??"]
[Round "5"]
[White "Askarian, Karen"]
[Black "Zatonskih, Anna"]
[Result "1/2-1/2"]
[WhiteElo "2295"]
[BlackElo "2326"]
[PlyCount "105"]
[EventDate "1999.04.03"]
[EventType "team-swiss"]
[EventRounds "10"]
[EventCountry "UKR"]
[SourceTitle "EXT 2019"]
[Source "ChessBase"]
[SourceDate "2018.10.10"]
[SourceVersion "1"]
[SourceVersionDate "2018.10.10"]
[SourceQuality "1"]
[WhiteTeam "Lozova The Pawn"]
[BlackTeam "Kiev Mriya Grandmaster School"]
[WhiteTeamCountry "UKR"]
[BlackTeamCountry "UKR"]

1. Nf3 e6 2. g3 d5 3. d4 Nf6 4. c4 Be7 5. Bg2 0-0 6. 0-0 dxc4 7. a4 Nc6 8. Na3 Na5 9. Ra2 Nd5 10. Bd2 Nb4 11. Bxb4 Bxb4 12. Qc2 c5 13. dxc5 Qd5 14. Rc1 c3 15. bxc3 Bxa3 16. Rxa3 Qxc5 17. Raa1 e5 18. Ng5 g6 19. Ne4 Qe7 20. c4 Be6 21. Nd2 Rac8 22. Qb2 f6 23. Bd5 Rfd8 24. e4 Nc6 25. a5 Kh8 26. Nb3 Rc7 27. Rd1 Bg4 28. Rd2 h5 29. Qc3 Rf8 30. Qe3 Kh7 31. f3 Bc8 32. Rad1 Re8 33. Re1 Qb4 34. Ra1 Rf8 35. Rda2 Qe7 36. Re2 Kg7 37. Rd2 f5 38. exf5 Bxf5 39. Re1 Re8 40. h4 Qb4 41. Rde2 Ree7 42. Kh2 Nxa5 43. Nxa5 Qxa5 44. Qg5 Qb6 45. g4 hxg4 46. fxg4 Bd3 47. Rxe5 Qf2+ 48. Bg2 Rf7 49. c5 Rxc5 50. Rxc5 Qxe1 51. h5 Kh7 52. Rd5 Be2 53. Re5 1/2-1/2

[Event "Alushta3"]
[Site "Alushta"]
[Date "1999.??.??"]
[Round "?"]
[White "Askarian, Karen"]
[Black "Khurtsidze, Nino"]
[Result "1/2-1/2"]
[WhiteElo "2295"]
[BlackElo "2405"]
[PlyCount "117"]
[EventDate "1999.??.??"]
[EventType "tourn"]
[EventRounds "13"]
[EventCountry "UKR"]
[EventCategory "7"]
[SourceTitle "EXT 2000"]
[Source "ChessBase"]
[SourceDate "1999.11.16"]
[SourceVersion "1"]
[SourceVersionDate "1999.11.16"]
[SourceQuality "1"]

1. d4 Nf6 2. Nf3 d5 3. c4 e6 4. g3 dxc4 5. Qa4+ Nbd7 6. Bg2 a6 7. Qxc4 b5 8. Qc6 Rb8 9. Bf4 Nd5 10. Bg5 Ne7 11. Qc2 Bb7 12. 0-0 h6 13. Bd2 Rc8 14. b4 Nd5 15. a3 Be7 16. e4 N5f6 17. Re1 0-0 18. Bc3 a5 19. Nbd2 a4 20. Bf1 Rb8 21. Rac1 Ba8 22. Bb2 Ne8 23. Red1 f5 24. Ne5 Rb6 25. Bg2 Ndf6 26. Ng6 Rf7 27. Ne5 Rf8 28. Ng6 Rf7 29. d5 fxe4 30. dxe6 Rxe6 31. Nxe4 Nd5 32. Nf4 Rc6 33. Nc5 Rd6 34. Nxd5 Bxd5 35. Be5 Bxg2 36. Bxd6 Bxd6 37. Kxg2 Nf6 38. f3 Qa8 39. Qe2 Ng4 40. Re1 Ne5 41. Qe4 Qxe4 42. Rxe4 Nxf3 43. Re8+ Kh7 44. Rf1 Ne5 45. Rxf7 Nxf7 46. Ne4 Be5 47. Rb8 c6 48. Rb7 Kg8 49. Nd2 Bb2 50. Nb1 Ne5 51. Rc7 Kh7 52. h3 Nc4 53. Rxc6 Nxa3 54. Nxa3 Bxa3 55. Rb6 Bxb4 56. Rxb5 Bc3 57. Rc5 Bb2 58. Ra5 a3 59. Ra6 1/2-1/2

[Event "Alushta3"]
[Site "Alushta"]
[Date "1999.??.??"]
[Round "?"]
[White "Askarian, Karen"]
[Black "Kochetkov, German"]
[Result "1/2-1/2"]
[WhiteElo "2295"]
[BlackElo "2395"]
[PlyCount "27"]
[EventDate "1999.??.??"]
[EventType "tourn"]
[EventRounds "13"]
[EventCountry "UKR"]
[EventCategory "7"]
[SourceTitle "EXT 2000"]
[Source "ChessBase"]
[SourceDate "1999.11.16"]
[SourceVersion "1"]
[SourceVersionDate "1999.11.16"]
[SourceQuality "1"]

1. d4 d5 2. Nf3 Nf6 3. c4 c6 4. g3 g6 5. cxd5 cxd5 6. Bg2 Bg7 7. 0-0 0-0 8. Ne5 Nfd7 9. Bxd5 Nxe5 10. dxe5 Bxe5 11. Qb3 e6 12. Bg2 Qb6 13. Qxb6 axb6 14. Nc3 1/2-1/2

[Event "Alushta3"]
[Site "Alushta"]
[Date "1999.??.??"]
[Round "?"]
[White "Koziak, Vitali"]
[Black "Askarian, Karen"]
[Result "1/2-1/2"]
[WhiteElo "2483"]
[BlackElo "2295"]
[PlyCount "76"]
[EventDate "1999.??.??"]
[EventType "tourn"]
[EventRounds "13"]
[EventCountry "UKR"]
[EventCategory "7"]
[SourceTitle "EXT 2000"]
[Source "ChessBase"]
[SourceDate "1999.11.16"]
[SourceVersion "1"]
[SourceVersionDate "1999.11.16"]
[SourceQuality "1"]

1. d4 d5 2. c4 e6 3. Nf3 c5 4. e3 Nf6 5. a3 dxc4 6. Bxc4 a6 7. dxc5 Qxd1+ 8. Kxd1 Bxc5 9. Ke2 b5 10. Bd3 Bb7 11. Nbd2 Nbd7 12. Nb3 Bd5 13. Nfd2 Bxg2 14. Rg1 Bd5 15. Rxg7 Bd6 16. f4 Ke7 17. e4 Nh5 18. Rg4 Ndf6 19. Rh4 Nxf4+ 20. Rxf4 Bxf4 21. exd5 Nxd5 22. Nf3 Bxc1 23. Rxc1 Nf4+ 24. Ke3 Nxd3 25. Kxd3 Rhd8+ 26. Ke3 Rac8 27. Nc5 a5 28. b4 axb4 29. axb4 Ra8 30. Rc3 Ra2 31. Nd3 f6 32. Nd4 Rd5 33. Rc7+ Rd7 34. Rc6 Rxh2 35. Rxe6+ Kf7 36. Re4 Re7 37. Rxe7+ Kxe7 38. Nxb5 Rh1 1/2-1/2